000 00266nam a2200109Ia 4500
008 190216s9999||||xx |||||||||||||| ||und||
100 _aHornby As
245 2 _aA Guide To Patterns And Usage In English
260 _bNull
650 _aEnglish Etymology
942 _cBK
999 _c12483
_d12483